01567cam a2200301 a 4500001000800000005001700008008004100025010001700066020001500083035003400098035002900132040003000161041001100191042001400202043001200216050002400228245041200252246021300664246006300877260004000940300002100980500002301001650005701024650006301081651002401144710005701168710004001225213041620200421093820.0970303s1996 ie f000 0 eng d a 97121719  a0707637023 a(Uk)0707637023z(Uk)d11801149 a(CStRLIN)UKBPGB9710259-B aUk/DB/U-1cUk/DB/U-1dDLC0 aengiri alccopycat ae-ie---00aNA109.I74bA34 199600aAg neartú chosaint don oidhreacht ailtireachta :btuarascáil ón meitheal oibre idir-rannach atá curtha faoi bhráid an Aire Ealaíon, Cultúir agus Gaeltachta agus an Aire Comhshaoil = A report submitted to the Minister for Arts, Culture, and the Gaeltacht and the Minister for the Environment by the inter-departmental working group on strengthening the protection of the architectural heritage.30aReport submitted to the Minister for Arts, Culture, and the Gaeltacht and the Minister for the Environment by the inter-departmental working group on strengthening the protection of the architectural heritage30aStrengthening the protection of the architectural heritage aDublin :bStationery Office,c1996. a144 p. ;c30 cm. aEnglish and Irish. 0aArchitecturexConservation and restorationzIreland. 0aHistoric buildingsxConservation and restorationzIreland. 0aGaeltacht (Ireland)2 aIreland.bDept. of Arts, Culture, and the Gaeltacht.2 aIreland.bDept. of the Environment.